000 00425nam a2200169Ia 4500
005 20250603145628.0
008 250603s9999 xx 000 0 und d
020 _a9781718502208
050 _aQA76.73 .P98/
100 _aVasiliev, Yuli
245 0 _aPython for data science: a hands-on introduction
260 _aSan Francisco
260 _bNo Starch Press
260 _c2022
650 _aSan Francisco
942 _cBK
999 _c42391
_d42391